<?xml version="1.0" encoding="UTF-8"?>
<marc:record xmlns:marc="http://www.loc.gov/MARC21/slim">
   <marc:leader>00000nam a2200000 a 4500</marc:leader>
   <marc:datafield ind1=" " ind2=" " tag="653">
      <marc:subfield code="a">ab 5 Jahren</marc:subfield>
   </marc:datafield>
   <marc:datafield ind1="0" ind2="0" tag="245">
      <marc:subfield code="a">Tonie - Heidi - Die Reise zum Großvater</marc:subfield>
   </marc:datafield>
   <marc:datafield ind1="0" ind2="0" tag="245">
      <marc:subfield code="b">und weitere Geschichten</marc:subfield>
   </marc:datafield>
   <marc:datafield ind1=" " ind2="1" tag="264">
      <marc:subfield code="b">Tonie</marc:subfield>
      <marc:subfield code="c">2015</marc:subfield>
   </marc:datafield>
   <marc:datafield ind1="1" ind2=" " tag="490">
      <marc:subfield code="a">Tonies</marc:subfield>
   </marc:datafield>
   <marc:datafield ind1="1" ind2=" " tag="520">
      <marc:subfield code="a">Inhalt:

Heidi ist aufgeregt. Morgen wird sie zu ihrem Großvater in die Berge ziehen. Er lebt auf einer Alm zwischen bunten Wiesen und schneebedeckten Gipfeln. Es ist wunderschön dort. Doch der Alm-Öhi, wie die Dorfbewohner den Großvater nennen, ist es nicht gewohnt, Besuch zu haben. Er spricht kaum ein
Wort mit Heidi. Mit den Tieren auf der Alm schließt sie dagegen schon am ersten Tag Freundschaft .[Verlagstext]

Titelliste:

01 - Titellied "Heidi"

02 - Die Reise zum Großvater

03 - Alte Bekannte

04 - Ein Schmetterling

05 - Großvaters Hütte

06 - Der erste Tag auf der Alm

07 - Ziegen hüten

08 - Melken - der zweite Versuch

09 - Zurück auf der Weide

10 - Die Mutprobe

11 - Bernie - Retter in der Not

12 - Unerwarteter Besuch

13 - Gerettet!</marc:subfield>
   </marc:datafield>
   <marc:datafield ind1="3" ind2=" " tag="024">
      <marc:subfield code="a">4251192101396</marc:subfield>
   </marc:datafield>
   <marc:datafield ind1=" " ind2=" " tag="041">
      <marc:subfield code="a">ger</marc:subfield>
   </marc:datafield>
   <marc:datafield ind1=" " ind2=" " tag="338">
      <marc:subfield code="a">Nicht spezifiziert</marc:subfield>
   </marc:datafield>
   <marc:datafield ind1=" " ind2=" " tag="300">
      <marc:subfield code="a">0</marc:subfield>
   </marc:datafield>
</marc:record>
